46 European Countries, 46 European Cities - Statistics

General Stats
  • This quiz has been taken 72 times
  • The average score is 34 of 46
Answer Stats
City Country % Correct
Andorra La Vella Andorra
98%
Vatican City Vatican City
98%
Monte Carlo Monaco
95%
Leicester United Kingdom
95%
San Marino San Marino
94%
Saint-Tropez France
92%
Galway Ireland
91%
Bari Italy
89%
Lillehammer Norway
89%
San Sebastián Spain
89%
Aachen Germany
88%
Lucerne Switzerland
88%
Graz Austria
83%
Pilsen Czech Republic
83%
Faro Portugal
83%
Liège Belgium
81%
Ísafjörður Iceland
80%
Esch-sur-Alzette Luxembourg
80%
Zadar Croatia
78%
Groningen Netherlands
78%
Odense Denmark
77%
Oulu Finland
75%
Örebro Sweden
75%
Varna Bulgaria
73%
Pärnu Estonia
73%
Lublin Poland
73%
Durrës Albania
72%
Jūrmala Latvia
70%
Banská Štiavnica Slovakia
70%
Banja Luka Bosnia and Herzegovina
69%
Voronezh Russia
69%
Pécs Hungary
67%
Klaipėda Lithuania
67%
Schaan Liechtenstein
66%
Kherson Ukraine
66%
Tiraspol Moldova
64%
Brașov Romania
63%
Chania Greece
61%
Subotica Serbia
61%
Koper Slovenia
61%
Gomel Belarus
59%
Sveti Stefan Montenegro
56%
Bitola North Macedonia
52%
Prizren Kosovo
50%
Sliema Malta
50%
Edirne Turkey
50%
No matching quizzes found
Score Distribution
Percent of People with Each Score
Percentile by Number Answered
Your Score History
You have not taken this quiz